Що ми не знаємо про Рівне (Запис № 299225)

МАРК-запис
000 -Лідер
fixed length control field 00595nam a22002057a 4500
003 - Ідентифікатор контрольного номера
control field UA-OsUOA
001 - Контрольний номер
control field 13064
007 - Фіксоване поле фізичного опису
fixed length control field ta
008 - Елементи даних фіксованої довжини – загальна інформація
fixed length control field 20030411b un ||||| |||| 00| 0 ukr d
040 ## - Джерело каталогізації
Агенція оригінальної каталогізації UA-OsUOA
Агенція, яка здійснювала перезапис UA-OsUOA
Агенція, яка здійснювала модифікацію UA-OsUOA
100 ## - Основне введення – ім’я особи
Ім’я особи (НП) Грицюк С.
245 ## - Відомості про назву
Назва (НП) Що ми не знаємо про Рівне
Решта назви (НП) Палац Любомирських
300 ## - Фізичний опис
Обсяг С.11
650 #7 - Додаткове предметне введення – тематичний термін
Тематичний термін чи географічна назва, як елемент введення (НП) Краєзнавча робота
Джерело заголовка чи терміна UDC
700 ## - Додаткове введення – ім'я особи
Ім’я особи (НП) Лущик К.
700 ## - Додаткове введення – ім'я особи
Ім’я особи (НП) Лівандовський П.
773 0# - Введення хост-одиниці (П)
Контрольний номер запису (П) 0
Назва (НП) Ого
Місце, видавець та дата видання (НП) Рівне
-- 2003
Інформація про взаємозв’язок (П) №62/ 4 квіт./
942 ## - Додаткові елементи входу (Коха)
Тип елемента Koha Стаття періодики
955 ## - Код типу видання за змістом
Код типу видання за змістом (НП) інше

Немає доступних примірників.